Pro JavaScript Techniques

Pro JavaScript Techniques is the ultimate JavaScript book for today's web developer. It provides everything you need to know about modern JavaScript, and teaches you what JavaScript can do for your web sites. This book doesn't waste any time looking at things you already know, but instead...

Full description

Bibliographic Details
Main Authors: Resig, John (Author), Ferguson, Russ (Author), Paxton, John (Author)
Corporate Author: SpringerLink (Online service)
Format: Electronic eBook
Language:English
Published: Berkeley, CA : Apress : Imprint: Apress, 2015.
Edition:Second Edition.
Subjects:
Online Access:Full Text via HEAL-Link
LEADER 02621nam a22004215i 4500
001 978-1-4302-6392-0
003 DE-He213
005 20150716153744.0
007 cr nn 008mamaa
008 150710s2015 xxu| s |||| 0|eng d
020 |a 9781430263920  |9 978-1-4302-6392-0 
024 7 |a 10.1007/978-1-4302-6392-0  |2 doi 
040 |d GrThAP 
050 4 |a QA75.5-76.95 
072 7 |a UY  |2 bicssc 
072 7 |a COM014000  |2 bisacsh 
082 0 4 |a 004  |2 23 
100 1 |a Resig, John.  |e author. 
245 1 0 |a Pro JavaScript Techniques  |h [electronic resource] /  |c by John Resig, Russ Ferguson, John Paxton. 
250 |a Second Edition. 
264 1 |a Berkeley, CA :  |b Apress :  |b Imprint: Apress,  |c 2015. 
300 |a XVII, 204 p. 67 illus.  |b online resource. 
336 |a text  |b txt  |2 rdacontent 
337 |a computer  |b c  |2 rdamedia 
338 |a online resource  |b cr  |2 rdacarrier 
347 |a text file  |b PDF  |2 rda 
520 |a Pro JavaScript Techniques is the ultimate JavaScript book for today's web developer. It provides everything you need to know about modern JavaScript, and teaches you what JavaScript can do for your web sites. This book doesn't waste any time looking at things you already know, but instead concentrates on fundamental, vital topics—what modern JavaScripting is (and isn't), and pitfalls to be wary of. You will learn about the 'this' keyword, as well as new object tools. You will be able to create reusable code with encapsulation, overloading and inheritance. The most recent techniques for debugging and testing are covered comprehensively, with information on Chrome developer tools, Jasmine, PhantomJS and Protractor. This update finishes with chapters on constructing single-page web applications that dominate the modern web. The book is filled with real-world examples and case studies, as well as numerous reusable functions and classes to save you time in your development. You will learn the practical skills needed to build professional, dynamic web applications. Pro JavaScript Techniques is an indispensable reference for any professional JavaScript web developer—enhance your JavaScript development today. 
650 0 |a Computer science. 
650 1 4 |a Computer Science. 
650 2 4 |a Computer Science, general. 
700 1 |a Ferguson, Russ.  |e author. 
700 1 |a Paxton, John.  |e author. 
710 2 |a SpringerLink (Online service) 
773 0 |t Springer eBooks 
776 0 8 |i Printed edition:  |z 9781430263913 
856 4 0 |u http://dx.doi.org/10.1007/978-1-4302-6392-0  |z Full Text via HEAL-Link 
912 |a ZDB-2-CWD 
950 |a Professional and Applied Computing (Springer-12059)